[Event "29th Open"]
[Site "Cappelle la Grande FRA"]
[Date "2013.03.02"]
[Round "9.11"]
[White "Brynell, Stellan"]
[Black "Timofeev, Artyom"]
[Result "1/2-1/2"]
[WhiteTitle "GM"]
[BlackTitle "GM"]
[WhiteElo "2485"]
[BlackElo "2613"]
[WhiteFideId "1700219"]
[BlackFideId "4140419"]
[EventDate "2013.02.23"]

1. d4 Nf6 2. c4 g6 3. g3 Bg7 4. Bg2 d5 5. cxd5 Nxd5 6. e4 Nb4 7. a3 N4c6 8. d5
Nd4 9. Ne2 Bg4 10. Nbc3 c6 11. O-O cxd5 12. exd5 Bf3 13. Bxf3 Nxf3+ 14. Kg2 Ne5
15. Be3 O-O 16. Bd4 Nbd7 17. Nf4 a6 18. Nd3 Nc4 19. Bxg7 Kxg7 20. Re1 Rc8 21.
Qe2 Re8 22. Rad1 Qa5 23. Nf4 Qb6 24. Ne4 Nf6 25. Nxf6 Qxf6 26. Rc1 Nd6 27. Rxc8
Nxc8 28. Rc1 Nd6 29. Rc7 Kf8 30. Qc2 Rd8 31. a4 Qd4 32. h4 h6 33. Qe2 Re8 34.
Qf3 Kg8 35. b3 Qb6 36. Rc3 Rc8 37. Rxc8+ Nxc8 38. Qg4 Nd6 39. Nxg6 fxg6 40.
Qxg6+ Kf8 41. Qxh6+ Kg8 42. Qg6+ Kf8 43. Qh6+ Kg8 44. Qg6+ Kf8 1/2-1/2

[Event "29th Open"]
[Site "Cappelle la Grande FRA"]
[Date "2013.03.02"]
[Round "9.12"]
[White "Kanep, Meelis"]
[Black "Kravtsiv, Martyn"]
[Result "1/2-1/2"]
[WhiteTitle "GM"]
[BlackTitle "GM"]
[WhiteElo "2508"]
[BlackElo "2597"]
[WhiteFideId "4501047"]
[BlackFideId "14113147"]
[EventDate "2013.02.23"]

1. d4 Nf6 2. Nf3 e6 3. c4 d5 4. Nc3 Be7 5. Bg5 O-O 6. e3 h6 7. Bxf6 Bxf6 8. Qc2
c5 9. dxc5 dxc4 10. Bxc4 Qa5 11. O-O Bxc3 12. Qxc3 Qxc3 13. bxc3 Nd7 14. c6 bxc6
15. Rab1 Nb6 16. Be2 c5 17. Rfc1 Rd8 18. Kf1 Bb7 19. Rb5 Rac8 20. Ra5 1/2-1/2